| 000 | 00698cab a2200253 4500 | ||
|---|---|---|---|
| 001 | WB3232-35 | ||
| 008 | 090401t1996 xxu||||| |||| 00| 0 eng d | ||
| 035 | _a(Sirsi) u73792 | ||
| 041 | _aeng | ||
| 245 | _aWhere will all the people go? | ||
| 260 | _c1996 | ||
| 350 | _a0 | ||
| 490 |
_aHerald _v28 August 1996, B1&2(1) |
||
| 520 | _aWith householders in Scotland predicted to increase by 250,00 by 2006, land must be found to build houses for them. | ||
| 650 | _aFORECASTS | ||
| 650 | _aHOUSE BUILDING | ||
| 650 | _aHOUSING LAND | ||
| 650 | _aPROJECTIONS | ||
| 650 | _aSCOTLAND | ||
| 650 | _aSCOTTISH OFFICE | ||
| 690 | _aHOUSING-DEVELOPMENT | ||
| 942 | _n0 | ||
| 948 | _c04/03/1997 | ||
| 999 |
_c46580 _d46580 |
||